Music Quiz

Random Music Quiz

10 Biggest Selling UK Singles of Each Year of the 90's Quiz Stats

Quiz not verified by Sporcle

Challenge
Share
Tweet
Embed
Score 0/100 Timer 15:00
0 Plays Today
% Correct
Spice Girls-Wannabe
84.1%
Spice Girls-2 Become 1
73.2%
Elton John-Candle In the Wind 97
71.7%
Bryan Adams-Everything I Do I Do it For You
70.3%
Take That-Back for Good
68.8%
Spice Girls-Say You'll Be There
66.7%
Spice Girls-Goodbye
64.5%
Wet Wet Wet-Love is all Around
63.8%
Cher-Believe
63.8%
Oasis-Don't Look Back In Anger
63%
Celine Dion-My Heart Will Go On
63%
Whitney Houston-I Will Always Love You
62.3%
Whitney Houston-I Will Always Love You
62.3%
Madonna-Vogue
61.6%
Britney Spears-Baby One More Time
61.6%
Blur-Country House
59.4%
Boyzone-No Matter What
55.8%
Queen-Bohemian Rhapsody
51.4%
Aqua-Barbie Girl
50.7%
Robson & Jerome-Unchained Melody
49.3%
Celine Dion-Think Twice
48.6%
Michael Jackson-Earth Song
47.8%
Boyzone-When the Going Gets Tough, The Tough Get Going
47.1%
Elton John-Sacrifice
46.4%
Wet Wet Wet-Goodnight Girl
44.9%
Righteous Brothers-Unchained Melody
44.2%
Cher-The Shoop Shoop Song (It's In His Kiss)
44.2%
Snap-The Power
42.8%
Whigfield-Saturday Night
42.8%
Mariah Carey-Without You
42.8%
Snap-Rhythm Is a Dancer
42%
Mr Blobby-Mr Blobby
42%
Teletubbies-Teletubbies Say Eh Oh
42%
Eiffel 65-Blue
42%
% Correct
Robson & Jerome-I Believe
41.3%
Sinead O'Connor-Nothing Compares 2 U
40.6%
Shakespear's Sister-Stay
40.6%
The Fugees-Killing Me Softly
40.6%
Meat Loaf-I'd Do Anything for Love (But I Won't do That)
39.9%
Michael Jackson-You Are Not Alone
39.1%
Michael Jackson-Heal the World
37%
Babylon Zoo-Spaceman
34.8%
Baddiel, Skinner & the Lightning Seeds-Three Lions
33.3%
Run DMC vs Jason Nevins-It's Like That
33.3%
Cliff Richard-The Millenium Prayer
33.3%
2 Unlimited-No Limit
32.6%
Puff Daddy feat Faith Evans-I'll Be Missing You
31.9%
Coolio-Gangsta's Paradise
31.2%
Vanilla Ice-Ice Ice Baby
30.4%
UB40-Can't Help Falling In Love With You
30.4%
East 17-Stay Another Day
30.4%
Various Artists-Perfect Day
29.7%
B*Witched-C'est La Vie
29.7%
Ricky Martin-Livin La Vida Loca
29%
Shania Twain-That Don't Impress Me Much
29%
Adamski-Killer
28.3%
S Club 7-Bring It All Back
28.3%
Right Said Fred-I'm Too Sexy
27.5%
Lou Bega-Mambo No-5
27.5%
ATB-9pm (Till I Come)
27.5%
Will Smith-Men In Black
26.8%
Shaggy-Oh Carolina
26.1%
Culture Beat-Mr Vain
25.4%
Bon Jovi-Always
25.4%
Beats International feat Lindy Layton-Dub Be Good to Me
24.6%
2 Unlimited-Get Ready for This
24.6%
Shanks & Bigfoot-Sweet Like Chocolate
24.6%
Jason Donovan-Any Dream Will Do
23.9%
% Correct
Ace of Base-All that She Wants
23.9%
Erasure-Abba Esque
23.2%
Pato Banton-Baby Come Back
23.2%
Hanson-Mmm Bop
23.2%
Boys II Men-The End of the Road
22.5%
All 4 One-I Swear
22.5%
Robert Miles-Children
22.5%
Maria McKee-Show Me Heaven
21.7%
Ace of Base-The Sign
21.7%
England New Order-World In Motion
21%
The Simpsons-Do the Bartman
21%
Gabrielle-Dreams
21%
No Doubt-Don't Speak
20.3%
Natalie Imbruglia-Torn
19.6%
Jimmy Nail-Ain't No Doubt
18.8%
Simply Red-Fairground
18.8%
Gina G-Ooh Aah Just a Little Bit
18.8%
Chef-Chocolate Salty Balls
18.8%
Chesney Hawkes-The One & Only
18.1%
Charles & Eddie-Would I Lie to You?
18.1%
KWS-Please Don't Go
18.1%
Let Loose-Crazy for You
18.1%
Pras feat Mya-Ghetto Superstar
18.1%
Oceanic-Insanity
16.7%
Savage Garden-Truly, Madly, Deeply
16.7%
Mark Morrison-Return of the Mack
15.2%
D:ream-Things Can Only Get Better
14.5%
LeAnn Rimes-How Do I Live?
14.5%
Everything But the Girl-Missing
11.6%
Vic Reeves & the Wonder Stuff-Dizzy
10.9%
Haddaway-What Is Love?
10.9%
Chumbawamba-Tubthumping
7.2%

You're not logged in!

Compare scores with friends on all Sporcle quizzes.
Join for Free
OR
Log In

You Might Also Like...

Show Comments

Extras

Top Quizzes Today


Score Distribution

Your Account Isn't Verified!

In order to create a playlist on Sporcle, you need to verify the email address you used during registration. Go to your Sporcle Settings to finish the process.

Report this User

Report this user for behavior that violates our Community Guidelines.

Details: